| 000 | 00405nam a2200169Ia 4500 | ||
|---|---|---|---|
| 008 | 180424s9999 xx 000 0 und d | ||
| 084 | _a301.32 H1 | ||
| 100 | _a"Hauser, Philip M" | ||
| 245 | 0 | _aPopulation Dilemma | |
| 250 | _a\\196300ENGGPSX | ||
| 260 | _aPrentice Hall | ||
| 260 | _b1963 | ||
| 260 | _cNEW JERSEY | ||
| 300 | _aiv+1788p | ||
| 500 | _aincludes index and biblioraphy | ||
| 942 | _cBK | ||
| 999 |
_c31994 _d31994 |
||